000
00232nam a22001217a 4500
082
_a
894.812.B
_b
ELL/M
100
_a
ELIKKAL, JOSEPH
245
_a
MARANAGAHUARUM
300
_a
348
520
_a
NOVEL
650
_a
NOVEL
942
_c
BK
999
_c
4884
_d
4884